000 00594nam a2200205 i 4500
001 131023
003 ES-MaACL
005 20250831023857.0
007 t|
008 070214s1969 sp |||| | spa d
100 1 _aRoche, Jean.
_998063
245 1 0 _aIglesia y libertad religiosa /
_cJean Roche ; versión de Josep A. Pombo.
260 _aBarcelona :
_bHerder,
_c1969.
300 _a201 p. ;
_c22 cm.
650 0 7 _aIglesia y Estado
_2embne
_913554
650 4 _aLibertad religiosa.
_914416
700 1 _aPombo, Josep A.
_992907
852 _aES-MaACL
_jC-37137
999 _c131023
_d131023